European Food and Feed Law Review

Enregistré dans:
Détails bibliographiques
Format: Publication en série
Langue:anglais
Publié: Berlin Lexxion Verlagsgesellschaft
Tags: Ajouter un tag
Pas de tags, Soyez le premier à ajouter un tag!

MARC

LEADER 00000nls a2200000 4500
001 0259263
005 20260206113813.8
022 |a 1862-2720 
022 |a 2190-8214 
041 0 |a eng 
044 |a DE 
245 1 0 |a European Food and Feed Law Review 
264 1 |a Berlin  |b Lexxion Verlagsgesellschaft